Alphabetically Consecutive Countries on the Same Continent - Statistics

General Stats
  • This quiz has been taken 58 times
  • The average score is 15 of 25
Answer Stats
Hint Answer % Correct
Asia-1 India
92%
Asia-1 Indonesia
90%
Asia-1 Iran
78%
Asia-1 Iraq
78%
Asia-2 Kazakhstan
78%
North America Saint Kitts and Nevis
76%
North America Saint Lucia
76%
North America Saint Vincent and the Grenadines
76%
Asia-2 Japan
74%
Asia-2 Jordan
70%
Asia-3 Kyrgyzstan
62%
Asia-3 Laos
58%
Africa-1 Chad
54%
Europe Liechtenstein
54%
Europe Lithuania
52%
Europe Luxembourg
52%
Asia-3 Kuwait
50%
Africa-1 Central African Republic
48%
Africa-2 Libya
46%
Africa-2 Liberia
44%
Asia-4 Tajikistan
44%
Africa-2 Lesotho
42%
Asia-4 Syria
36%
Asia-4 Taiwan
32%
Africa-1 Cape Verde
30%
No matching quizzes found
Score Distribution
Percent of People with Each Score
Percentile by Number Answered
Your Score History
You have not taken this quiz